| 000 | 00569nam a2200205Ia 4500 | ||
|---|---|---|---|
| 003 | OSt | ||
| 005 | 20230401113618.0 | ||
| 008 | 210423s2006 xx 000 0 und d | ||
| 020 | _a0-7167-8628-1 | ||
| 040 | _cAL | ||
| 041 | _aeng | ||
| 082 |
_a541.3 _223 _bATKP |
||
| 100 |
_aATKINS (Peter);PAULA (Julio de) _981620 |
||
| 245 | _aPhysical chemistry for the life sciences | ||
| 260 |
_aNew York _bW H Freeman & Co _c2006 |
||
| 300 |
_axviii,699 _bHB |
||
| 650 |
_aPhysical Chemistry _981621 |
||
| 906 | _achemistry ; life ; Physical ; sciences | ||
| 942 |
_2ddc _cBK |
||
| 999 |
_c169012 _d169012 |
||